00235nam a2200097Ia 4500008004100000100001800041245003300059250000800092260002900100300000800129191201s2014 xx 000 0 und d aDOGRA, Rakesh 0aAdvances in Material Science aRep c2014bKatariaaNEW DELHI a493